Trenton–Mercer Airport Destinations (Trenton, NJ, USA) - Statistics

General Stats
  • This quiz has been taken 53 times
    17 since last reset
  • The average score is 6 of 9
Answer Stats
Airline Destination % Correct
Frontier Airlines Fort Myers
92%
Allegiant Air Fort Lauderdale
85%
Frontier Airlines Orlando
85%
Frontier Airlines Tampa
85%
Frontier Airlines Atlanta
69%
Frontier Airlines West Palm Beach
62%
Frontier Airlines Myrtle Beach
38%
Allegiant Air Punta Gorda (FL)
38%
Allegiant Air St. Petersburg/Clearwater
38%
No matching quizzes found
Score Distribution
Percent of People with Each Score
Percentile by Number Answered
Your Score History
You have not taken this quiz since the last reset